Making Headway Upper-Intermediate. Advanced. Literature /

Salvato in:
Dettagli Bibliografici
Autori principali: Bowler, Bill (Autore), Parminter, Sue (Autore)
Natura: Libro
Lingua:inglese
Pubblicazione: Oxford : The University Press, 1993,1992
Tags: Aggiungi Tag
Nessun Tag, puoi essere il primo ad aggiungerne!!

MARC

LEADER 00000nam a22000003a 4500
001 stu31896
005 20150617225732.3
008 941215s--------uk------------------eng-d
020 |a 0-19-435504-7 
040 |a STU  |b slo 
041 0 |a eng 
044 |a uk 
080 |a 802.0 
100 1 |a Bowler, Bill  |4 aut 
245 1 |a Making Headway Upper-Intermediate. Advanced. Literature /  |c [aut.] Bowler,Bill; Parminter,Sue 
260 |a Oxford :  |b The University Press,  |c 1993,1992 
300 |a 93,96s 
700 1 |a Parminter, Sue  |4 aut 
996 |b J91007  |c J*91007  |l JJSK  |s A  |a 24  |w stu31896_0001 
996 |b J91008  |c J*91008  |l JJSK  |s A  |a 24  |w stu31896_0002